000
00278nam a2200121Ia 4500
008
190216s9999||||xx |||||||||||||| ||und||
100
_a
Arora C L
245
0
_a
Refresher Course In Physics
260
_b
S Chand & Co
_c
1977
300
_a
1248p
650
_a
Physics
942
_c
BK
999
_c
32834
_d
32834